[Event "Titled Tuesday 2024.11.19 Late"]
[Site "chess.com INT"]
[Date "2024.11.19"]
[Round "3"]
[White "Bluebaum, M."]
[Black "Mendes, Aaron Reeve"]
[Result "1-0"]
[WhiteElo "2654"]
[BlackElo "2320"]
[PlyCount "99"]
[GameId "2129405225875613"]
[EventDate "2024.11.19"]
[EventType "swiss (blitz)"]
[EventRounds "11"]
[EventCountry "NET"]
[SourceTitle "The Week in Chess 1568"]
[Source "Mark Crowther"]
[SourceDate "2024.11.25"]
[SourceVersion "1"]
[SourceVersionDate "2024.11.25"]
[SourceQuality "2"]

1. d4 d5 2. c4 c6 3. Nf3 Nf6 4. Nc3 dxc4 5. e4 b5 6. Qc2 e6 7. Be2 h6 8. O-O Bb7 9. b3 b4 10. e5 Nd5 11. Nxd5 cxb3 12. axb3 cxd5 13. Bb5+ Nd7 14. Bd2 Be7 15. Rfc1 a6 16. Qc7 axb5 17. Qxb7 Rb8 18. Qc6 O-O 19. Ra7 Nb6 20. h3 Nc4 21. Rd7 Qe8 22. bxc4 bxc4 23. Qc7 Rc8 24. Rxe7 Rxc7 25. Rxe8 Rxe8 26. Bxb4 Rb8 27. Bd6 Rbc8 28. Bxc7 Rxc7 29. Rb1 Kh7 30. Kf1 Kg6 31. Ke2 Kf5 32. Ke3 f6 33. g4+ Kg6 34. Rb6 c3 35. Rb1 c2 36. Rc1 Rc3+ 37. Ke2 h5 38. gxh5+ Kxh5 39. exf6 gxf6 40. Ne1 Rxh3 41. Rxc2 Kg4 42. Rc6 Kf5 43. Ng2 e5 44. Ne3+ Ke4 45. Rxf6 exd4 46. Re6+ Kf4 47. Nxd5+ Kf5 48. Re8 Ra3 49. Nb4 Ra2+ 50. Nxa2 1-0

[Event "Titled Tuesday 2024.11.19 Late"]
[Site "chess.com INT"]
[Date "2024.11.19"]
[Round "4"]
[White "Mendes, Aaron Reeve"]
[Black "Hajiyev, K."]
[Result "1-0"]
[WhiteElo "2320"]
[BlackElo "2106"]
[PlyCount "59"]
[GameId "2129405225875759"]
[EventDate "2024.11.19"]
[EventType "swiss (blitz)"]
[EventRounds "11"]
[EventCountry "NET"]
[SourceTitle "The Week in Chess 1568"]
[Source "Mark Crowther"]
[SourceDate "2024.11.25"]
[SourceVersion "1"]
[SourceVersionDate "2024.11.25"]
[SourceQuality "2"]

1. e4 a6 2. d4 c6 3. c4 d5 4. cxd5 cxd5 5. exd5 Nf6 6. Nc3 Nxd5 7. Bc4 e6 8. Nge2 Nc6 9. O-O Be7 10. Bxd5 exd5 11. Nf4 Be6 12. Re1 Qd7 13. Na4 Rd8 14. Nxe6 fxe6 15. Qg4 O-O 16. Bh6 Bf6 17. Nc5 Qc8 18. Nxe6 Nxd4 19. Bxg7 Nxe6 20. Bxf6+ Kf7 21. Bxd8 Rxd8 22. Rac1 Qd7 23. Qf5+ Ke7 24. Qxh7+ Kd6 25. Rxe6+ Kxe6 26. Qg6+ Ke5 27. Re1+ Kd4 28. Qb6+ Kc4 29. Rc1+ Kd3 30. Qe3# 1-0

[Event "Titled Tuesday 2024.11.19 Late"]
[Site "chess.com INT"]
[Date "2024.11.19"]
[Round "5"]
[White "Piddubna, Bozhena"]
[Black "Mendes, Aaron Reeve"]
[Result "1/2-1/2"]
[WhiteElo "2154"]
[BlackElo "2320"]
[PlyCount "150"]
[GameId "2129405225888376"]
[EventDate "2024.11.19"]
[EventType "swiss (blitz)"]
[EventRounds "11"]
[EventCountry "NET"]
[SourceTitle "The Week in Chess 1568"]
[Source "Mark Crowther"]
[SourceDate "2024.11.25"]
[SourceVersion "1"]
[SourceVersionDate "2024.11.25"]
[SourceQuality "2"]

1. d4 d5 2. c4 c6 3. Nf3 Nf6 4. g3 dxc4 5. Bg2 Bf5 6. O-O e6 7. Ne5 Nbd7 8. Nxc4 Be7 9. Nc3 O-O 10. e4 Bg6 11. Bf4 b5 12. Nd2 b4 13. Ne2 Rc8 14. Rc1 c5 15. Bg5 h6 16. Bxf6 Nxf6 17. dxc5 Bxc5 18. Nf4 Bh7 19. Qe2 Bb6 20. Nc4 Qe7 21. Nxb6 axb6 22. e5 Nd7 23. Qb5 Rc5 24. Qxb4 g5 25. Nh5 Bg6 26. Nf6+ Nxf6 27. exf6 Qxf6 28. Rxc5 bxc5 29. Qxc5 Qxb2 30. a4 Bd3 31. Re1 Qd2 32. Qe3 Qc2 33. a5 Rb8 34. Be4 Bxe4 35. Qxe4 Qa2 36. Qe5 Rb2 37. Qf6 Qxa5 38. Rd1 Rd2 39. Rxd2 Qxd2 40. Qxh6 Qd1+ 41. Kg2 Qg4 42. h3 Qe4+ 43. Kg1 Qf5 44. h4 gxh4 45. Qxh4 Kg7 46. Qd4+ Kg6 47. Qd7 Kg5 48. Qd2+ Kg4 49. Qe2+ Qf3 50. Qc4+ Kf5 51. Qb5+ e5 52. Qd7+ Kg5 53. Qd2+ Kg4 54. Qc1 e4 55. Qh6 Qf5 56. Qh4+ Kf3 57. Qh1+ Ke2 58. Qg2 Qd5 59. Qf1+ Kf3 60. Qg2+ Kg4 61. Qf1 Qd3 62. Qe1 Kh3 63. Qf1+ Qxf1+ 64. Kxf1 f5 65. Ke2 Kh2 66. Ke3 Kg2 67. Ke2 Kh3 68. Ke3 Kg4 69. Ke2 Kh3 70. Ke3 Kg2 71. Ke2 Kg1 72. f3 exf3+ 73. Kxf3 Kh2 74. Kf4 Kh3 75. Kxf5 Kxg3 1/2-1/2

[Event "Titled Tuesday 2024.11.19 Late"]
[Site "chess.com INT"]
[Date "2024.11.19"]
[Round "6"]
[White "Mendes, Aaron Reeve"]
[Black "Bettalli, Francesco"]
[Result "1-0"]
[WhiteElo "2320"]
[BlackElo "2367"]
[PlyCount "97"]
[GameId "2129405225888430"]
[EventDate "2024.11.19"]
[EventType "swiss (blitz)"]
[EventRounds "11"]
[EventCountry "NET"]
[SourceTitle "The Week in Chess 1568"]
[Source "Mark Crowther"]
[SourceDate "2024.11.25"]
[SourceVersion "1"]
[SourceVersionDate "2024.11.25"]
[SourceQuality "2"]

1. e4 c6 2. Nf3 d5 3. Nc3 dxe4 4. Nxe4 Nf6 5. Qe2 Qd5 6. Nxf6+ gxf6 7. g3 Bf5 8. d3 Nd7 9. Bg2 Qa5+ 10. Bd2 Qb6 11. Bc3 e5 12. O-O-O Bb4 13. Bxb4 Qxb4 14. d4 Qe7 15. dxe5 fxe5 16. Rhe1 f6 17. Nh4 Be6 18. Qh5+ Bf7 19. Qh6 Qe6 20. Be4 Qxa2 21. Bf5 Be6 22. Qh5+ Ke7 23. Bxe6 Qxe6 24. Nf5+ Kd8 25. Rd6 Qe8 26. Qh6 Kc7 27. Red1 Rd8 28. Ng7 Qg6 29. Ne6+ Kc8 30. Qe3 Rhe8 31. Nxd8 Rxd8 32. Qxa7 Qg4 33. Qa8+ Kc7 34. Qa5+ Kc8 35. Qd2 e4 36. h3 Qg7 37. Qe3 f5 38. R1d4 Kc7 39. Qf4 Kc8 40. Rc4 Ne5 41. Rxd8+ Kxd8 42. Rd4+ Kc7 43. Rd2 Qf6 44. g4 Kb6 45. Qxf5 Qe7 46. Qxe4 Qc5 47. Qd4 Nf3 48. Qxc5+ Kxc5 49. Rd7 1-0

[Event "Titled Tuesday 2024.11.19 Late"]
[Site "chess.com INT"]
[Date "2024.11.19"]
[Round "7"]
[White "Perez Ponsa, F."]
[Black "Mendes, Aaron Reeve"]
[Result "1-0"]
[WhiteElo "2536"]
[BlackElo "2320"]
[PlyCount "119"]
[GameId "2129405225896842"]
[EventDate "2024.11.19"]
[EventType "swiss (blitz)"]
[EventRounds "11"]
[EventCountry "NET"]
[SourceTitle "The Week in Chess 1568"]
[Source "Mark Crowther"]
[SourceDate "2024.11.25"]
[SourceVersion "1"]
[SourceVersionDate "2024.11.25"]
[SourceQuality "2"]

1. e4 c5 2. Nf3 Nc6 3. d4 cxd4 4. Nxd4 g6 5. c4 Bg7 6. Be3 e6 7. Nc3 a6 8. Nxc6 bxc6 9. Bd4 e5 10. Bc5 Bf8 11. Bd6 Bxd6 12. Qxd6 Qe7 13. O-O-O Qxd6 14. Rxd6 Ke7 15. c5 Nf6 16. Bc4 Ne8 17. Rd3 d6 18. Rhd1 dxc5 19. Na4 Nf6 20. Nxc5 Ra7 21. g3 h5 22. f4 exf4 23. gxf4 Bg4 24. R1d2 a5 25. e5 Nd5 26. Bxd5 cxd5 27. Rxd5 Rc8 28. a3 Be6 29. b4 axb4 30. axb4 Bxd5 31. Rxd5 Rd8 32. Rxd8 Kxd8 33. Kb2 Kc7 34. Kb3 Kc6 35. Kc4 Ra2 36. b5+ Kb6 37. Nd7+ Ka5 38. b6 Ka6 39. Kc5 Kb7 40. h4 Rd2 41. Nf8 Rf2 42. e6 fxe6 43. Nxg6 Rg2 44. Nf8 Rg4 45. Nxe6 Rxh4 46. f5 Rh1 47. f6 Rf1 48. f7 h4 49. Ng5 Rf6 50. Kd5 Kxb6 51. Ke5 Rf1 52. Ke6 Kc5 53. Ne4+ Kd4 54. Nf6 h3 55. f8=Q h2 56. Qd6+ Ke3 57. Qxh2 Re1 58. Nd5+ Kf3+ 59. Kd6 Rd1 60. Qh5+ 1-0

[Event "Titled Tuesday 2024.11.19 Late"]
[Site "chess.com INT"]
[Date "2024.11.19"]
[Round "8"]
[White "Mendes, Aaron Reeve"]
[Black "Sydoryka, Vladyslav"]
[Result "0-1"]
[WhiteElo "2320"]
[BlackElo "2295"]
[PlyCount "82"]
[GameId "2129405225896925"]
[EventDate "2024.11.19"]
[EventType "swiss (blitz)"]
[EventRounds "11"]
[EventCountry "NET"]
[SourceTitle "The Week in Chess 1568"]
[Source "Mark Crowther"]
[SourceDate "2024.11.25"]
[SourceVersion "1"]
[SourceVersionDate "2024.11.25"]
[SourceQuality "2"]

1. e4 c6 2. Nf3 d5 3. Nc3 dxe4 4. Nxe4 Nf6 5. Qe2 Nxe4 6. Qxe4 Nd7 7. Bc4 Nf6 8. Ne5 e6 9. Qh4 Bd6 10. Nf3 b5 11. Be2 Bb7 12. O-O a6 13. d4 c5 14. dxc5 Bxc5 15. a4 b4 16. Bf4 Nd5 17. Bg5 Be7 18. Rfd1 Bxg5 19. Nxg5 h6 20. Nf3 Qxh4 21. Nxh4 Rc8 22. Rac1 Ke7 23. Nf3 Rc7 24. Nd4 Rhc8 25. Bf3 g6 26. g3 Nb6 27. Bxb7 Rxb7 28. b3 Rd7 29. Rd2 Rd5 30. Rcd1 Kf6 31. f4 g5 32. fxg5+ hxg5 33. Nf3 Rxc2 34. Rxc2 Rxd1+ 35. Kg2 Nd5 36. Kf2 Rb1 37. Nd2 Rh1 38. Kf3 g4+ 39. Ke2 Rxh2+ 40. Kd3 Ke7 41. Rc7+ Nxc7 0-1

[Event "Titled Tuesday 2024.11.19 Late"]
[Site "chess.com INT"]
[Date "2024.11.19"]
[Round "9"]
[White "Mendes, Aaron Reeve"]
[Black "Radhakrishnan, Sharath"]
[Result "1-0"]
[WhiteElo "2320"]
[BlackElo "2019"]
[PlyCount "110"]
[GameId "2129405225905302"]
[EventDate "2024.11.19"]
[EventType "swiss (blitz)"]
[EventRounds "11"]
[EventCountry "NET"]
[SourceTitle "The Week in Chess 1568"]
[Source "Mark Crowther"]
[SourceDate "2024.11.25"]
[SourceVersion "1"]
[SourceVersionDate "2024.11.25"]
[SourceQuality "2"]

1. e4 e5 2. Nf3 Nc6 3. d4 exd4 4. Nxd4 Nf6 5. Nxc6 bxc6 6. Nd2 d5 7. exd5 cxd5 8. Bb5+ Bd7 9. Bxd7+ Qxd7 10. O-O Be7 11. b3 O-O 12. Bb2 Rfe8 13. Qf3 c6 14. h3 Rab8 15. Rad1 Qb7 16. Rfe1 Qb4 17. Re2 Bd6 18. Bxf6 Rxe2 19. Qxe2 Qf4 20. g3 Qxf6 21. c4 Bc5 22. Kg2 h6 23. Nf3 Rd8 24. Qe5 Qxe5 25. Nxe5 Re8 26. Nxc6 dxc4 27. Rd5 Ba3 28. bxc4 Re2 29. Ra5 Rxa2 30. Rxa7 Ra1 31. c5 Bb2 32. Rxa1 Bxa1 33. Nb8 Be5 34. Nd7 Bc7 35. Kf3 f5 36. g4 fxg4+ 37. hxg4 Kf7 38. Ke4 Ke6 39. Nb6 g6 40. Nd5 Bh2 41. f4 h5 42. gxh5 gxh5 43. f5+ Kf7 44. c6 h4 45. Kf3 Bg3 46. Kg4 Kg7 47. c7 Bxc7 48. Nxc7 Kf6 49. Nd5+ Ke5 50. f6 h3 51. Kxh3 Ke6 52. Kg4 Kf7 53. Kf5 Kf8 54. Ke6 Ke8 55. Nf4 Kf8 1-0

[Event "Titled Tuesday 2024.11.19 Late"]
[Site "chess.com INT"]
[Date "2024.11.19"]
[Round "10"]
[White "Toktomushev, Teimur"]
[Black "Mendes, Aaron Reeve"]
[Result "0-1"]
[WhiteElo "2247"]
[BlackElo "2320"]
[PlyCount "92"]
[GameId "2129405225905404"]
[EventDate "2024.11.19"]
[EventType "swiss (blitz)"]
[EventRounds "11"]
[EventCountry "NET"]
[SourceTitle "The Week in Chess 1568"]
[Source "Mark Crowther"]
[SourceDate "2024.11.25"]
[SourceVersion "1"]
[SourceVersionDate "2024.11.25"]
[SourceQuality "2"]

1. d4 d5 2. c4 c6 3. Nc3 Nf6 4. e3 dxc4 5. Bxc4 b5 6. Bd3 Bb7 7. Nf3 e6 8. O-O Nbd7 9. e4 b4 10. Na4 Be7 11. Bg5 h6 12. Bh4 Rc8 13. Rc1 O-O 14. Qe2 c5 15. dxc5 Qa5 16. b3 Bxc5 17. Nxc5 Rxc5 18. Rxc5 Qxc5 19. h3 Rc8 20. Rd1 Qc3 21. Bg3 Qc5 22. Bf4 Qa5 23. Rc1 Rxc1+ 24. Bxc1 Nc5 25. e5 Bxf3 26. Qxf3 Nxd3 27. Qxd3 Qxe5 28. Qc2 Nd5 29. Bd2 Qd4 30. Be1 g6 31. g3 Kg7 32. Kh2 a5 33. Kg2 Nc3 34. Bxc3 bxc3 35. Kf1 e5 36. Ke2 e4 37. Qb1 f5 38. Qc2 g5 39. a3 f4 40. gxf4 gxf4 41. f3 Qe3+ 42. Kd1 Qxf3+ 43. Ke1 Qe3+ 44. Kd1 Qg1+ 45. Ke2 Qg2+ 46. Kd1 Qf1# 0-1

[Event "Titled Tuesday 2024.11.19 Late"]
[Site "chess.com INT"]
[Date "2024.11.19"]
[Round "11"]
[White "Mendes, Aaron Reeve"]
[Black "Odegov, Artem"]
[Result "0-1"]
[WhiteElo "2320"]
[BlackElo "2261"]
[PlyCount "130"]
[GameId "2129405225913799"]
[EventDate "2024.11.19"]
[EventType "swiss (blitz)"]
[EventRounds "11"]
[EventCountry "NET"]
[SourceTitle "The Week in Chess 1568"]
[Source "Mark Crowther"]
[SourceDate "2024.11.25"]
[SourceVersion "1"]
[SourceVersionDate "2024.11.25"]
[SourceQuality "2"]

1. e4 Nf6 2. e5 Nd5 3. c4 Nb6 4. d4 d6 5. f4 g6 6. Nc3 Bg7 7. Be3 Be6 8. d5 Bc8 9. Bd4 c5 10. Be3 O-O 11. Nf3 Bg4 12. Be2 N8d7 13. e6 fxe6 14. Ng5 Bxe2 15. Qxe2 exd5 16. Ne6 Qe8 17. Nxd5 Nxd5 18. cxd5 Nb6 19. Rd1 Qa4 20. b3 Qe4 21. Nxf8 Nxd5 22. Bd2 Qxe2+ 23. Kxe2 Rxf8 24. g3 Bd4 25. Kd3 e5 26. Rhf1 exf4 27. Bxf4 Nb4+ 28. Kc4 b5+ 29. Kxb5 Rb8+ 30. Ka5 Nxa2 31. Bxd6 Rxb3 32. Ka6 Nb4+ 33. Kb7 Nc2+ 34. Kc6 Ne3 35. Rf8+ Kg7 36. Rf3 Rb6+ 37. Kc7 Nxd1 38. Bf8+ Kg8 39. Bh6 Bg7 40. Bf4 Rf6 41. Rd3 Rf7+ 42. Kc6 Nc3 43. Kxc5 Ne4+ 44. Kb5 Nf6 45. Ka6 Bf8 46. Rd8 Nd7 47. Kxa7 Nc5+ 48. Kb6 Ne6 49. Rd3 Nxf4 50. gxf4 Rxf4 51. h3 Kg7 52. Kc6 Rf6+ 53. Kd5 Rd6+ 54. Ke4 Rxd3 55. Kxd3 Kf6 56. Ke4 Kg5 57. Kf3 Kh4 58. Kg2 Bd6 59. Kf1 Kxh3 60. Kg1 h5 61. Kh1 g5 62. Kg1 g4 63. Kh1 g3 64. Kg1 Bc5+ 65. Kh1 g2# 0-1

[Event "Titled Tuesday 2024.11.26 Early"]
[Site "chess.com INT"]
[Date "2024.11.26"]
[Round "1"]
[White "Portal Ramos, Cristhian"]
[Black "Mendes, Aaron Reeve"]
[Result "0-1"]
[WhiteElo "2195"]
[BlackElo "2320"]
[PlyCount "62"]
[GameId "2129405225951852"]
[EventDate "2024.11.26"]
[EventType "swiss (blitz)"]
[EventRounds "11"]
[EventCountry "NET"]
[SourceTitle "The Week in Chess 1569"]
[Source "Mark Crowther"]
[SourceDate "2024.12.02"]
[SourceVersion "1"]
[SourceVersionDate "2024.12.02"]
[SourceQuality "2"]

1. c4 c6 2. d4 d5 3. Nf3 Nf6 4. Nc3 dxc4 5. e4 b5 6. a3 e6 7. Be2 h6 8. Bf4 a5 9. O-O Nbd7 10. d5 Bb7 11. dxe6 fxe6 12. Nd4 Qe7 13. Ndxb5 cxb5 14. Nxb5 e5 15. Nc7+ Kf7 16. Bxc4+ Kg6 17. Be6 Bxe4 18. Bxd7 Rd8 19. Ne6 Rxd7 20. Qb3 exf4 21. Nxf4+ Kh7 22. Rae1 Qe5 23. Ne6 Bd6 24. g3 Qd5 25. Qxd5 Bxd5 26. Nd4 Rb8 27. Nf5 Rxb2 28. Rd1 Bxa3 29. Ne3 Bc5 30. Nxd5 Rxd5 31. Rc1 Rf5 0-1

[Event "Titled Tuesday 2024.11.26 Early"]
[Site "chess.com INT"]
[Date "2024.11.26"]
[Round "2"]
[White "Mendes, Aaron Reeve"]
[Black "Shevchenko, Yaroslav"]
[Result "1-0"]
[WhiteElo "2320"]
[BlackElo "2064"]
[PlyCount "55"]
[GameId "2129405225960387"]
[EventDate "2024.11.26"]
[EventType "swiss (blitz)"]
[EventRounds "11"]
[EventCountry "NET"]
[SourceTitle "The Week in Chess 1569"]
[Source "Mark Crowther"]
[SourceDate "2024.12.02"]
[SourceVersion "1"]
[SourceVersionDate "2024.12.02"]
[SourceQuality "2"]

1. e4 c5 2. Nf3 e6 3. b3 Nc6 4. Bb2 d5 5. exd5 Qxd5 6. Bc4 Qe4+ 7. Kf1 Nf6 8. h3 Bd7 9. Nc3 Qg6 10. Kg1 a6 11. Bd3 Qh6 12. g4 Qf4 13. Qe2 Be7 14. Re1 Nb4 15. Ne5 Nxd3 16. Nxd3 Qc7 17. g5 Ng8 18. Ne4 f6 19. gxf6 Nxf6 20. Bxf6 gxf6 21. Qh5+ Kf8 22. Nexc5 Rg8+ 23. Kf1 Rd8 24. Rxe6 Bb5 25. Rxf6+ Bxf6 26. Ne6+ Ke7 27. Nxc7 Bxd3+ 28. cxd3 1-0

[Event "Titled Tuesday 2024.11.26 Early"]
[Site "chess.com INT"]
[Date "2024.11.26"]
[Round "3"]
[White "Grischuk, A."]
[Black "Mendes, Aaron Reeve"]
[Result "1-0"]
[WhiteElo "2689"]
[BlackElo "2320"]
[PlyCount "107"]
[GameId "2129405225977260"]
[EventDate "2024.11.26"]
[EventType "swiss (blitz)"]
[EventRounds "11"]
[EventCountry "NET"]
[SourceTitle "The Week in Chess 1569"]
[Source "Mark Crowther"]
[SourceDate "2024.12.02"]
[SourceVersion "1"]
[SourceVersionDate "2024.12.02"]
[SourceQuality "2"]

1. d4 d5 2. Nf3 Nf6 3. Bg5 c5 4. Bxf6 gxf6 5. dxc5 e5 6. Nbd2 Bxc5 7. e3 a6 8. c4 Be6 9. cxd5 Bxd5 10. Bc4 Nc6 11. Bxd5 Qxd5 12. Qb3 Qxb3 13. Nxb3 Bb4+ 14. Ke2 Ke7 15. Rac1 Rhc8 16. Nh4 Ke6 17. g4 Ne7 18. a3 Bd6 19. Na5 b6 20. Nc4 Bc7 21. Nd2 Bd6 22. Ne4 Rxc1 23. Rxc1 Rd8 24. Ng3 Rd7 25. Nh5 Rc7 26. Rd1 Rc2+ 27. Kf3 Nc8 28. Nf5 Rc6 29. a4 a5 30. h3 Rc4 31. b3 Rc3 32. Rd2 Rc6 33. Rd3 Rc5 34. Ke4 Bf8 35. Rd8 Nd6+ 36. Nxd6 Bxd6 37. Re8+ Be7 38. Ng7+ Kd7 39. Rh8 Rc3 40. Rxh7 Rxb3 41. Nf5 Ke6 42. Rh8 Rb4+ 43. Kf3 Kd7 44. h4 Rxa4 45. h5 Ra1 46. Kg2 a4 47. h6 a3 48. h7 Rc1 49. Ra8 a2 50. h8=Q a1=Q 51. Rxa1 Rxa1 52. Qg8 Ke6 53. Qc8+ Kd5 54. Nxe7+ 1-0

[Event "Titled Tuesday 2024.11.26 Early"]
[Site "chess.com INT"]
[Date "2024.11.26"]
[Round "4"]
[White "Badacsonyi, Frankie"]
[Black "Mendes, Aaron Reeve"]
[Result "0-1"]
[WhiteElo "2266"]
[BlackElo "2320"]
[PlyCount "112"]
[GameId "2129405225985751"]
[EventDate "2024.11.26"]
[EventType "swiss (blitz)"]
[EventRounds "11"]
[EventCountry "NET"]
[SourceTitle "The Week in Chess 1569"]
[Source "Mark Crowther"]
[SourceDate "2024.12.02"]
[SourceVersion "1"]
[SourceVersionDate "2024.12.02"]
[SourceQuality "2"]

1. Nf3 d5 2. b3 Nf6 3. Bb2 e6 4. g3 Bd6 5. Bg2 O-O 6. O-O c5 7. c4 Nc6 8. cxd5 exd5 9. d4 cxd4 10. Nxd4 Re8 11. Nd2 Bg4 12. N2f3 Nxd4 13. Bxd4 Bxf3 14. Bxf3 Be5 15. Rc1 a6 16. Bxe5 Rxe5 17. Qd4 Qe7 18. e3 g5 19. Rc2 g4 20. Bg2 Rd8 21. Rfc1 Rd7 22. Rc8+ Kg7 23. R8c5 h5 24. R5c2 h4 25. gxh4 Rh5 26. Qf4 Qd8 27. Rd1 Qe7 28. Rd4 Kg6 29. Qg3 Qe6 30. Rcd2 Rd8 31. h3 Rc8 32. hxg4 Rc1+ 33. Kh2 Re5 34. g5 Nh5 35. Qg4 Qd6 36. Kh3 Re1 37. Rxd5 R5xe3+ 38. fxe3 Rxe3+ 39. Bf3 Nf4+ 40. Kg3 Nxd5+ 41. Kf2 Qh2+ 42. Qg2 Qxh4+ 43. Qg3 Qxg3+ 44. Kxg3 Nc3 45. Kf4 Re7 46. Rc2 Nb5 47. Rc4 Nc7 48. Be4+ Kg7 49. Bf5 Nd5+ 50. Kf3 Re3+ 51. Kf2 Re5 52. Be4 b5 53. Rc5 Rxe4 54. Rxd5 Re6 55. a4 Rb6 56. a5 Rc6 0-1

[Event "Titled Tuesday 2024.11.26 Early"]
[Site "chess.com INT"]
[Date "2024.11.26"]
[Round "5"]
[White "Mendes, Aaron Reeve"]
[Black "Peatman, Carter"]
[Result "1-0"]
[WhiteElo "2320"]
[BlackElo "2107"]
[PlyCount "75"]
[GameId "2129405225990025"]
[EventDate "2024.11.26"]
[EventType "swiss (blitz)"]
[EventRounds "11"]
[EventCountry "NET"]
[SourceTitle "The Week in Chess 1569"]
[Source "Mark Crowther"]
[SourceDate "2024.12.02"]
[SourceVersion "1"]
[SourceVersionDate "2024.12.02"]
[SourceQuality "2"]

1. e4 e5 2. Nf3 Nf6 3. Nxe5 d6 4. Nf3 Nxe4 5. Nc3 Nf6 6. Bc4 d5 7. Bb3 d4 8. Ne2 c5 9. O-O Bd6 10. d3 O-O 11. Ng3 Nc6 12. a3 Qc7 13. Bg5 Ng4 14. Re1 h6 15. Bd2 Nf6 16. Qc1 Kh7 17. Ne4 Nxe4 18. dxe4 Bg4 19. e5 Nxe5 20. Nxe5 Bxe5 21. h3 Bf5 22. c3 d3 23. Qd1 c4 24. Bxc4 Bxc3 25. Bxd3 Bxd3 26. Bxc3 Bg6 27. Qd4 f6 28. Rad1 a6 29. Qg4 Rad8 30. Rxd8 Rxd8 31. h4 h5 32. Qf3 Qd7 33. g3 Qd5 34. Qf4 Rd7 35. Kh2 Qd3 36. g4 hxg4 37. Qxg4 Bf5 38. Qh5+ 1-0

[Event "Titled Tuesday 2024.11.26 Early"]
[Site "chess.com INT"]
[Date "2024.11.26"]
[Round "6"]
[White "Rustemov, A."]
[Black "Mendes, Aaron Reeve"]
[Result "0-1"]
[WhiteElo "2525"]
[BlackElo "2320"]
[PlyCount "82"]
[GameId "2129405225998497"]
[EventDate "2024.11.26"]
[EventType "swiss (blitz)"]
[EventRounds "11"]
[EventCountry "NET"]
[SourceTitle "The Week in Chess 1569"]
[Source "Mark Crowther"]
[SourceDate "2024.12.02"]
[SourceVersion "1"]
[SourceVersionDate "2024.12.02"]
[SourceQuality "2"]

1. d4 d5 2. c4 c6 3. Nc3 Nf6 4. e3 dxc4 5. Bxc4 b5 6. Bd3 b4 7. Ne4 Nbd7 8. Nf3 Bb7 9. O-O e6 10. a3 a5 11. axb4 axb4 12. Bd2 Be7 13. Qc2 O-O 14. Nc5 Bxc5 15. dxc5 b3 16. Qc4 Nxc5 17. Rxa8 Bxa8 18. Bb1 Qd5 19. Rc1 Nce4 20. Be1 Qxc4 21. Rxc4 c5 22. Rc1 Bd5 23. Ne5 Rc8 24. f3 Nd6 25. e4 Bb7 26. Bd3 c4 27. Be2 Ba6 28. Bb4 Nfe8 29. Ra1 Bb5 30. Ra5 f6 31. Ng4 c3 32. Bxb5 Nxb5 33. Bxc3 Nxc3 34. bxc3 Nd6 35. Ra1 Rxc3 36. Rb1 Nc4 37. Kf2 Na3 38. Rb2 Rc2+ 39. Rxc2 bxc2 40. Ne3 c1=Q 41. Nf1 Nc2 0-1

[Event "Titled Tuesday 2024.11.26 Early"]
[Site "chess.com INT"]
[Date "2024.11.26"]
[Round "7"]
[White "Mendes, Aaron Reeve"]
[Black "Shankland, S."]
[Result "0-1"]
[WhiteElo "2320"]
[BlackElo "2672"]
[PlyCount "138"]
[GameId "2129405226007026"]
[EventDate "2024.11.26"]
[EventType "swiss (blitz)"]
[EventRounds "11"]
[EventCountry "NET"]
[SourceTitle "The Week in Chess 1569"]
[Source "Mark Crowther"]
[SourceDate "2024.12.02"]
[SourceVersion "1"]
[SourceVersionDate "2024.12.02"]
[SourceQuality "2"]

1. e4 c6 2. Nf3 d5 3. Nc3 Bg4 4. h3 Bh5 5. d3 e6 6. g4 Bg6 7. Bg2 Nd7 8. O-O Bd6 9. Re1 Ne7 10. Bd2 Qc7 11. Qe2 O-O 12. e5 Bb4 13. Nb5 Qa5 14. Nc3 c5 15. a3 Bxc3 16. Bxc3 Qc7 17. b4 Nc6 18. bxc5 Nxc5 19. Nd4 Nxd4 20. Bxd4 Rac8 21. h4 h6 22. h5 Bh7 23. g5 hxg5 24. Qg4 Qe7 25. Be3 Bf5 26. Qg3 f6 27. exf6 gxf6 28. Rab1 b6 29. f4 g4 30. Bd4 Qh7 31. Qh4 Qh6 32. Rbd1 Nd7 33. c4 dxc4 34. dxc4 Rf7 35. Be3 Rxc4 36. Rd6 Nc5 37. Red1 Rc2 38. Bd4 Qxf4 39. Bxf6 Rxg2+ 40. Kxg2 Be4+ 41. Kg1 Rxf6 42. Rd8+ Kh7 43. Re1 g3 44. Qxf4 Rxf4 45. Re8 Kh6 46. Rh8+ Kg5 47. Rg8+ Kxh5 48. Rxg3 Rg4 49. Kh2 Rxg3 50. Kxg3 Kg5 51. Rd1 Kf5 52. Kf2 Ke5 53. Ke3 Bd5 54. Rg1 Kd6 55. Rg5 Kc6 56. Kd4 Kb5 57. Ke5 Ka4 58. Rg7 a5 59. Rg3 b5 60. Kd4 Nb3+ 61. Kc3 Kxa3 62. Rg1 b4+ 63. Kd3 a4 64. Re1 Na5 65. Kc2 b3+ 66. Kc3 b2 67. Rb1 Nc4 68. Re1 Ka2 69. Re2 a3 0-1

[Event "Titled Tuesday 2024.11.26 Early"]
[Site "chess.com INT"]
[Date "2024.11.26"]
[Round "8"]
[White "Mendes, Aaron Reeve"]
[Black "Sanal, V."]
[Result "1-0"]
[WhiteElo "2320"]
[BlackElo "2561"]
[PlyCount "65"]
[GameId "2129405226015340"]
[EventDate "2024.11.26"]
[EventType "swiss (blitz)"]
[EventRounds "11"]
[EventCountry "NET"]
[SourceTitle "The Week in Chess 1569"]
[Source "Mark Crowther"]
[SourceDate "2024.12.02"]
[SourceVersion "1"]
[SourceVersionDate "2024.12.02"]
[SourceQuality "2"]

1. e4 d6 2. d4 Nf6 3. Nc3 e5 4. Nge2 Nbd7 5. f3 Be7 6. Be3 c6 7. Qd2 b5 8. a3 a5 9. g4 O-O 10. Ng3 exd4 11. Bxd4 Ne5 12. Be2 Be6 13. h3 b4 14. Nd1 Nfd7 15. f4 Bh4 16. Rg1 Nc4 17. Bxc4 Bxc4 18. Ne3 Bb5 19. Nef5 Bf6 20. g5 Bxd4 21. Qxd4 f6 22. a4 Ba6 23. O-O-O d5 24. exd5 c5 25. Qd2 fxg5 26. d6 gxf4 27. Nh5 g6 28. Ne7+ Kh8 29. Nxf4 Rf7 30. Nfxg6+ hxg6 31. Qh6+ Rh7 32. Nxg6+ Kg8 33. Ne5+ 1-0

[Event "Titled Tuesday 2024.11.26 Early"]
[Site "chess.com INT"]
[Date "2024.11.26"]
[Round "9"]
[White "Sheehan, Ethan"]
[Black "Mendes, Aaron Reeve"]
[Result "0-1"]
[WhiteElo "2331"]
[BlackElo "2320"]
[PlyCount "76"]
[GameId "2129405226023788"]
[EventDate "2024.11.26"]
[EventType "swiss (blitz)"]
[EventRounds "11"]
[EventCountry "NET"]
[SourceTitle "The Week in Chess 1569"]
[Source "Mark Crowther"]
[SourceDate "2024.12.02"]
[SourceVersion "1"]
[SourceVersionDate "2024.12.02"]
[SourceQuality "2"]

1. d4 d5 2. Nf3 Nf6 3. c4 c6 4. Nc3 dxc4 5. a4 Bf5 6. e3 e6 7. Bxc4 Nbd7 8. O-O Bb4 9. Nh4 O-O 10. f3 Bg6 11. Nxg6 hxg6 12. e4 e5 13. Be3 exd4 14. Bxd4 Qe7 15. Qe2 Rad8 16. Rfd1 Ne5 17. Kh1 Bc5 18. Bxe5 Qxe5 19. g3 g5 20. Kg2 g6 21. Rxd8 Rxd8 22. Rd1 Rxd1 23. Qxd1 Bd4 24. Qb3 Qe7 25. Ne2 Bb6 26. h3 Qc5 27. Qc3 Qf2+ 28. Kh1 Nh5 29. Qe5 Qxf3+ 30. Kh2 Qf2+ 31. Kh1 Be3 32. Qe8+ Kg7 33. Qe5+ Kh7 34. Qc7 Kh6 35. Qb8 Qf1+ 36. Kh2 Kh7 37. Qc7 Bg1+ 38. Kh1 Bb6+ 0-1